Estudio a nivel de perfil hotel de playa Alcalá

Presenta el estudio a nivel de perfil hotel de playa Alcala el cual se realizó mediante la elaboración de un estudio de mercado para obtener la demanda potencial existentes en los hoteles, asi como un estudio técnico para determinar el tamaño localización y la ingeniería a utilizar y un estudi...

Full description

Bibliographic Details
Main Authors: Fitoria Hernández, Emma del Carmen, Reyes Rodríguez, Ricardo Javier
Other Authors: Tutor: Gutiérrez Mendoza, Carlos Antonio
Format: Tesis Section = Libro
Language:Undetermined
Spanish
Published: Managua UNI 2009
Subjects:
LEADER 01253nam a2200277Ia 4500
008 240830s9999 xx 000 0 und d
040 |a BIBLIOTECA-RUPAP T.Mon 332.67 F546 
041 |a spa 
082 |a T.Mon 332.67 F546 
100 1 |a Fitoria Hernández, Emma del Carmen 
100 1 |b Reyes Rodríguez, Ricardo Javier 
245 1 0 |a Estudio a nivel de perfil hotel de playa Alcalá 
260 |a Managua  |b UNI  |c 2009 
300 |a 83 p. :il. 
500 |a Contiene: anexos. 
502 |a Tesis (Ingeniero Civil)- UNI, 2009. 
520 3 |a Presenta el estudio a nivel de perfil hotel de playa Alcala el cual se realizó mediante la elaboración de un estudio de mercado para obtener la demanda potencial existentes en los hoteles, asi como un estudio técnico para determinar el tamaño localización y la ingeniería a utilizar y un estudio financiero mediante los indicadores de rentabilidad VAN y TIR. 
650 7 |a INVERSIONES 
650 7 |b CONSTRUCCION DE HOTELES – PROYECTOS 
650 7 |c EVALUACION DE PROYECTOS – FINANCIAMEIENTO 
650 7 |d PROYECTOS DE DESARROLLO 
650 7 |e PROYECTOS – ASPECTOS ADMINISTRATIVOS 
700 1 |a Tutor:  |b Gutiérrez Mendoza, Carlos Antonio 
942 |c BK  |2 ddc 
991 |a TESIS 
999 |c 18066